<?xml version="1.0" encoding="UTF-8"?>
<collection xmlns="http://www.loc.gov/MARC21/slim">
<record>
  <controlfield tag="001">166089</controlfield>
  <controlfield tag="005">20260119170326.0</controlfield>
  <datafield tag="024" ind1="7" ind2=" ">
    <subfield code="2">doi</subfield>
    <subfield code="a">10.1088/1755-1315/1546/1/012067</subfield>
  </datafield>
  <datafield tag="024" ind1="8" ind2=" ">
    <subfield code="2">sideral</subfield>
    <subfield code="a">147499</subfield>
  </datafield>
  <datafield tag="037" ind1=" " ind2=" ">
    <subfield code="a">ART-2025-147499</subfield>
  </datafield>
  <datafield tag="041" ind1=" " ind2=" ">
    <subfield code="a">eng</subfield>
  </datafield>
  <datafield tag="100" ind1=" " ind2=" ">
    <subfield code="a">Leindecker, Gerald</subfield>
  </datafield>
  <datafield tag="245" ind1=" " ind2=" ">
    <subfield code="a">A Decision-Support Tool for Analysing Transport Impacts in Building Life Cycle Assessment</subfield>
  </datafield>
  <datafield tag="260" ind1=" " ind2=" ">
    <subfield code="c">2025</subfield>
  </datafield>
  <datafield tag="520" ind1="3" ind2=" ">
    <subfield code="a">The construction sector plays a significant role in global environmental impact, accounting for substantial resource consumption, energy use, and carbon emissions. Life Cycle Assessment (LCA) has emerged as a key methodology for evaluating the environmental footprint of buildings. This paper introduces a newly developed calculation tool designed to assess the role of transport within a comprehensive LCA of construction works, while also incorporating the benefits of reusing building materials in a circular manner. By applying this tool, we analyse the environmental and economic implications of transport in different scenarios, focusing on the case of recycled concrete versus landfill disposal. Cement, as one of the largest contributors to global warming in the building sector, makes this analysis particularly relevant for sustainable construction strategies. Using a structured calculation matrix, the tool quantifies transport-related gains and losses by incorporating key variables such as concrete composition, transportation distances to and from the construction site, landfill locations, diesel costs, deposit fees, and associated CO2 emissions. The tool enables a systematic evaluation of critical parameters, including transport distances and the proportion of recycled concrete, providing insights into optimising environmental performance. The results offer a practical framework for decision-making, supporting policymakers and industry stakeholders in understanding the role of transport within LCA methodologies. Integrating this tool into building assessments can serve as a guideline for promoting more sustainable and data-driven construction practices.</subfield>
  </datafield>
  <datafield tag="506" ind1="0" ind2=" ">
    <subfield code="a">Access copy available to the general public</subfield>
    <subfield code="f">Unrestricted</subfield>
  </datafield>
  <datafield tag="540" ind1=" " ind2=" ">
    <subfield code="9">info:eu-repo/semantics/openAccess</subfield>
    <subfield code="a">by</subfield>
    <subfield code="u">https://creativecommons.org/licenses/by/4.0/deed.es</subfield>
  </datafield>
  <datafield tag="655" ind1=" " ind2="4">
    <subfield code="a">info:eu-repo/semantics/article</subfield>
    <subfield code="v">info:eu-repo/semantics/publishedVersion</subfield>
  </datafield>
  <datafield tag="700" ind1=" " ind2=" ">
    <subfield code="a">Beltrán-Velamazán, Carlos</subfield>
    <subfield code="u">Universidad de Zaragoza</subfield>
    <subfield code="0">(orcid)0000-0001-9455-0414</subfield>
  </datafield>
  <datafield tag="700" ind1=" " ind2=" ">
    <subfield code="a">Gómez-Gil, Marta</subfield>
    <subfield code="u">Universidad de Zaragoza</subfield>
    <subfield code="0">(orcid)0000-0001-6154-4747</subfield>
  </datafield>
  <datafield tag="700" ind1=" " ind2=" ">
    <subfield code="a">Pesta, Jan</subfield>
  </datafield>
  <datafield tag="700" ind1=" " ind2=" ">
    <subfield code="a">Trubina, Nika</subfield>
  </datafield>
  <datafield tag="710" ind1="2" ind2=" ">
    <subfield code="1">5015</subfield>
    <subfield code="2">110</subfield>
    <subfield code="a">Universidad de Zaragoza</subfield>
    <subfield code="b">Dpto. Arquitectura</subfield>
    <subfield code="c">Área Construc. Arquitectónicas</subfield>
  </datafield>
  <datafield tag="773" ind1=" " ind2=" ">
    <subfield code="g">1546, 1 (2025), 012067 [8 pp.]</subfield>
    <subfield code="p">IOP conf. ser. Earth environ. sci.</subfield>
    <subfield code="t">IOP Conference Series: Earth and Environmental Science</subfield>
    <subfield code="x">1755-1307</subfield>
  </datafield>
  <datafield tag="856" ind1="4" ind2=" ">
    <subfield code="s">1665670</subfield>
    <subfield code="u">http://zaguan.unizar.es/record/166089/files/texto_completo.pdf</subfield>
    <subfield code="y">Versión publicada</subfield>
  </datafield>
  <datafield tag="856" ind1="4" ind2=" ">
    <subfield code="s">698994</subfield>
    <subfield code="u">http://zaguan.unizar.es/record/166089/files/texto_completo.jpg?subformat=icon</subfield>
    <subfield code="x">icon</subfield>
    <subfield code="y">Versión publicada</subfield>
  </datafield>
  <datafield tag="909" ind1="C" ind2="O">
    <subfield code="o">oai:zaguan.unizar.es:166089</subfield>
    <subfield code="p">articulos</subfield>
    <subfield code="p">driver</subfield>
  </datafield>
  <datafield tag="951" ind1=" " ind2=" ">
    <subfield code="a">2026-01-19-14:39:46</subfield>
  </datafield>
  <datafield tag="980" ind1=" " ind2=" ">
    <subfield code="a">ARTICLE</subfield>
  </datafield>
</record>
</collection>